000 00799cab a2200205 4500
001 L136643
008 070213n2007 000 0 eng u
035 _a(Sirsi) u136643
041 0 _aeng
100 1 _aSmulian, Mark
245 0 4 _aThe tide turns
260 _c2007
490 0 0 _aHousebuilder
_v66(1) January/February 2007, 30-34(4)
520 _aCovers the introduction of the code for sustainable homes which the Government will introduce in April 2007 and weighs up the business implications. Looks at zero carbon housing and asks whether it is achievable given the limitations of many renewable technologies.
590 _aKA
651 4 _aEngland and Wales
_y1543-
690 _aPROPERTY-PROPERTY DEVELOPMENT-SUSTAINABLE PROPERTY DEVELOPMENT
700 1 _aWindle, Chris
942 _n0
999 _c78387
_d78387